KOHA-Header-6

Learn Mentoring (Record no. 9655)

000 -LEADER
fixed length control field 00260nam a2200109Ia 4500
100 ## - MAIN ENTRY--AUTHOR NAME
Personal name Muhammad Iqbal
245 #0 - TITLE STATEMENT
Title Learn Mentoring
260 ## - PUBLICATION, DISTRIBUTION, ETC. (IMPRINT)
Place of publication New york
Name of publisher Tata McGraw Hill
Year of publication 2003
300 ## - PHYSICAL DESCRIPTION
Number of Pages 2005
942 ## - ADDED ENTRY ELEMENTS (KOHA)
Koha item type Books
Holdings
Withdrawn status Lost status Collection code Permanent Location Current Location Shelving location Date acquired Full call number Accession Number Koha item type
    English Literature MAJU MAJU Shelf No.A14 2019-09-14 297.122 5544 English Literature

Powered by Koha